MDQL
is popping MORE tags! Check the
thread
!
Quizzes
Events
Quiz Creation
Community
Videos
Private Events
Remove Ads
Sign In
Join for FREE
Feedback
Dark Mode
Quiz Categories
Sports
Geography
Music
Movies
Television
Just For Fun
Miscellaneous
History
Literature
Language
Science
Gaming
Entertainment
Religion
Holiday
For Kids
Quiz Lab
Recent
Popular Today
Quiz Kudos Today
Editor Picks
Curator Picks
Quizzes by...
Day
Popularity
Type
Ratings
Length
Year
Community
Subscriptions
Recent Discussions
Orange Saloon
Badges
Playlists
Quests
Create
Leaderboards
Showdown
Live 5
Trivia Bingo
Activity
Puzzle Library
Sporcle Events
Private Events
Virtual Trivia
Globe League
Become a Host
Pub Owners
SporcleCon
Opinionation
Our Games
Videos
Blog
Mobile Apps
Partnerships
Remove Ads and Go Orange
Feedback
Television
TV Characters
TV Show
Sitcom
Network
Friends
Reality Shows
Cast
South Park
Star Trek
The Simpsons
Doctor Who
Television
TV Characters
TV Show
Sitcom
Network
Friends
Reality Shows
Cast
South Park
Star Trek
The Simpsons
Doctor Who
Random Quiz
Search Sporcle
×
Quiz Lab
Quiz Lab
Television
Quote
Type in answers that appear in a list
Type in answers that appear in a list
Classic
Best Score? Go Orange.
Futurama Characters by Quote Stats
Can you name the Futurama Characters by Quote?
By
rabbitoh
8m
24 Questions
9,504 Plays
9,504 Plays
9,504 Plays
Comments
Comments
Give Quiz Kudos
Give Quiz Kudos
-
- Ratings
hide this ad
Forced Order
Answers have to be entered in order
Answers have to be entered in order
Replay
Link that replays current quiz
Next Quiz
Link to next quiz in quiz playlist
You Got
0%
They Got
Avg Score
56%
Avg Friend Score
Upgrade to see
Score Distribution
Jump to the score distribution portion of the page
Score
0/24
Timer
08:00
0
Plays Today
Quote
Character
% Correct
'Bite my shiny, metal ass'
Bender Bending Rodríguez
92.4%
'Sweet llamas of the Bahamas'
Hermes Conrad
81.1%
'Good news, everyone'
Professor Hubert J Farnsworth
79.9%
'I am [name], ruler of the planet Omicron Persei 8'
Lrrr
79.5%
'Woop woop woop woop!'
Dr. John A. Zoidberg
79%
I'm [name]... the Janitor.
Scruffy
77.8%
'Clamp, clamp, ka-
bamp!'
Clamps
75.1%
'That's preposterous!'
Cubert Farnsworth
67.5%
'Bam!'
Elzar
65.6%
'Hi-
yah!'
Turanga Leela
65.3%
'Ew, pukeatronic!'
Amy Wong
59.1%
'If we can hit that bullseye the rest of the dominoes will fall like a house of cards, checkmate'
Zapp Brannigan
57.3%
Quote
Character
% Correct
'It's time you left science to the 120 year olds!'
Dr. Ogden Wernstrom
56%
'All humans are vermin in the eyes of [name]'
Morbo
55.9%
'Nah, I'm yankin' your chain, I'm dying'
Flexo
51.5%
'I'm literally angry with rage.'
Philip J. Fry
50.3%
'Hey, Fry! Pizza going out! COME ON!'
Mr. Panucci
50.2%
(Sigh)
Kif Kroker
50%
'Jam a bastard in it, you crap'
Mom
44.5%
'You raised my hopes and dashed them quite expertly, sir. Bravo!'
Tinny Tim
42.9%
'That was so terrible, I think you gave me cancer!'
Calculon
27.5%
'Is there anything sadder? Only drowning puppies. And there would have to be a lot of them'
Linda van Schoonhoven
24.7%
Now I may be just be a simple [name]
Hyper-Chicken
18.8%
'Don't worries, I've gots an idea, I mean, an ideas'
Sal
10.9%
Quiz Playlist
Details
Report
Send in Message
Add To Playlist
Classic:
Type in answers that appear in a list
Forced Order:
Answers have to be entered in order
Last Updated: Feb 16, 2017
Quiz Scoreboard
CHALLENGE
Sign Up to Join the Scoreboard
Show All
Scores
Hide
Comments
May contain spoilers
Recently Published
Holiday 10x10 Sorting Gallery
by lukepisani3
Holiday
15m
Two Season TV Shows II
by 123Four
Television
10m
Image Sorting: Flags VI
by Barbecue
Geography
2m
More to Explore
Quiz From the Vault
Featured Blog Post
14 Easter Pick-up Lines to Find Eggs With
hide this ad
You Might Also Like...
Tags
Quote Quiz
Character
futurama
Today's Top Quizzes in Television
Browse Television
hide this ad
Today's Top Quizzes in Quote
Browse Quote
Top Contributed Quizzes in Television
1
Survivor Journey Challenge
2
Even More Two Season TV Shows
3
Adjectives in 00s TV Shows
4
Even More Three Season TV Shows
5
One Season TV Shows
6
Survivor Logic Puzzle: Heroes vs. Villains
7
Adjectives in 10s TV Shows
8
More One Season TV Shows
9
One Piece Logic Puzzle
10
Even More One Season TV Shows
Explore More
Trending Topics
Harry Potter
NBA
Disney
Crossword
Marvel
Anime
Kpop
Soccer
Puzzle
WWE
Pokémon
Country
Song
NFL
The Office
hide this ad
More By:
rabbitoh
Quiz
Plays
Rating
Category
Featured
Created
Futurama: Bender's Top 10
108,102
4.40
Television
Oct 20, 2009
Futurama Characters by Quote
9,504
4.22
Television
Oct 22, 2009
Mmmm... Sporcle
2,321
4.14
Television
Oct 21, 2009
Go to Creator's Profile
Score Distribution
Quiz Creator Spotlight
rabbitoh
Follow
Send a Message
Quizzes Created
-
Created Quiz Play Count
-
More By This Creator
Popular Quizzes Today
1
Find the US States - No Outlines Minefield
2
Colored Red Africa Blitz
3
Find the 'City' Movie
4
The Countries of the World
5
Find the US States
6
5x2 Blitz: Bands
7
Find the Countries of Europe - No Outlines Minefield
8
US States
More Television Quizzes
Find the N TV Series - Part II
Quiz Lab
Trending Quizzes
Colored Red Europe Blitz I
Colored Red Europe Blitz II
Colored Red Africa Blitz II
Colored Red Europe Blitz III
Colored Red Africa Blitz III
Recently Updated
Odd Team Out - Big 4 Players
pecheneg
Quick Pick: 20 Twenties
pecheneg
March Madness Men's Triple Doubles
pecheneg
How Do You Spell That?
pecheneg
Godzilla Movies
pecheneg
Grab Bag: 4-10 Letters
pecheneg
2024 March Madness Bracket
pecheneg
Famous TV Couples
Peacemaker
Champions League XIs: Real Madrid
pecheneg
Largest US Cities 1790-2010
pecheneg
Trending Topics
Crossword
Disney
Kpop
Marvel
NBA
Harry Potter
Anime
WWE
Song
Puzzle
The Office
Pokémon
NFL
Soccer
Country
Your Account Isn't Verified!
In order to create a playlist on Sporcle, you need to verify the email address you used during registration. Go to your
Sporcle Settings
to finish the process.
Report this User
Report this user for behavior that violates our
Community Guidelines
.
Details:
Send Report
Go to the Sporcle.com Mobile Site →
Comments